Представление документа в формате MARC21

Поле Инд. ПП Название Значение
Тип записи a
Библиографический уровень m
001 Контрольный номер RU/IS/BASE/354299780
005 Дата корректировки 20240620105445.7
020 c Цена, тираж 1394000-00
040 b Код языка каталог. eng
041 0_ a Код языка текста eng
080 a Индекс УДК 004.42
084 a Индекс другой классификации/Индекс ББК 32.973.3
090 00 x Авторский знак B22
097 b Оператор 02
100 10 a Автор Banks Jerry
245 00 a Заглавие Handbook of Simulation
o Словарь по компьютерному моделированию
260 00 a Место издания USA
b Издательство John Wiley & Sons
c Дата издания 1998
300 00 a Объем 850 p.
510 0_ a Примечание о ссылках Издания на иностранных языках
650 04 a Основная рубрика 50.41 Программное обеспечение вычислительных машин, комплексов и сетей
x Основная подрубрика 50.41.17 Системное программное обеспечение
653 0_ a Ключевые слова компьютерное моделирование
901 t Тип документа m
990 j Количество экземпляров (DOS) 1